World Series Of Darts Länder 2023 - Statistiken

Allgemein
  • Dieses Quiz wurde 97 mal gespielt
  • Das Durchschnittsergebnis liegt bei 5 aus 7
Antwortstatistiken
Land % Korrekt
Australien
86%
Vereinigte Staaten
86%
Niederlande
77%
Neuseeland
72%
Bahrain
68%
Polen
68%
Dänemark
65%
Keine übereinstimmenden Quizze gefunden
Verteilung der Resultate
Anzahl Personen mit jedem Resultat
Perzentil nach korrekt beantworteten Fragen
Ihre Resultats-Entwicklung
Sie haben dieses Quiz noch nicht gespielt